| 000 | 00347 a2200157 4500 | ||
|---|---|---|---|
| 001 | 69080 | ||
| 020 | _a0375827129 | ||
| 040 | _cAnchieta - Itaigara | ||
| 100 | _aJinkins, Jim | ||
| 240 | 1 | 0 |
_aPinky dinky doo _lIng |
| 245 | 1 | 0 | _aPinky dinky doo |
| 300 | _a48 | ||
| 362 | 0 | _a2004 | |
| 650 | 4 | _aLiteratura infanto-juvenil em inglês | |
| 942 | _cBK | ||
| 999 |
_c69080 _d69080 |
||